[Event "Mestre Sociale-ch"]
[Site "Mestre "]
[Date "2001.03.13"]
[Round "10"]
[White "Lanzetta, Alberto"]
[Black "Giglio, Saverio"]
[Result "1/2-1/2"]
[WhiteElo "1000"]
[BlackElo "1741"]
[PlyCount "84"]
[EventDate "2001.01.15"]
[EventType "swiss"]
[EventRounds "10"]
[EventCountry "ITA"]
[SourceTitle "EXT 2005"]
[Source "ChessBase"]
[SourceDate "2004.11.15"]
[SourceVersion "1"]
[SourceVersionDate "2004.11.15"]
[SourceQuality "1"]

1. e4 d5 2. exd5 Nf6 3. Nf3 Nxd5 4. d3 g6 5. Be2 Bg7 6. 0-0 0-0 7. a3 Nc6 8. c4 Nb6 9. Qc2 Bg4 10. Be3 Bxf3 11. Bxf3 Nd4 12. Bxd4 Qxd4 13. Nc3 c6 14. Rab1 Rad8 15. Rbd1 Nd7 16. Rfe1 Rfe8 17. Re4 Qf6 18. d4 e6 19. d5 Nc5 20. Re2 exd5 21. Rxe8+ Rxe8 22. cxd5 cxd5 23. Bxd5 b6 24. h3 Ne6 25. Re1 Rc8 26. Qa4 Nc5 27. Qxa7 Nd3 28. Re2 Rf8 29. Ne4 Qd4 30. Qd7 Nf4 31. Rd2 Qe5 32. Qd6 Qxd6 33. Nxd6 Nxd5 34. Rxd5 Bxb2 35. Nc4 Bg7 36. Nxb6 Rb8 37. Nc4 Ra8 38. Rd3 Bf8 39. f3 Kg7 40. Kf2 Bc5+ 41. Ke2 Ra4 42. Rc3 Bd4 1/2-1/2

[Event "Mestre Sociale-ch"]
[Site "Mestre "]
[Date "2001.03.06"]
[Round "9"]
[White "Zangrando, Gianpietro"]
[Black "Lanzetta, Alberto"]
[Result "1/2-1/2"]
[WhiteElo "1650"]
[BlackElo "1000"]
[PlyCount "79"]
[EventDate "2001.01.15"]
[EventType "swiss"]
[EventRounds "10"]
[EventCountry "ITA"]
[SourceTitle "EXT 2005"]
[Source "ChessBase"]
[SourceDate "2004.11.15"]
[SourceVersion "1"]
[SourceVersionDate "2004.11.15"]
[SourceQuality "1"]

1. c4 Nf6 2. Nc3 e5 3. g3 Be7 4. Bg2 Nc6 5. Nf3 d6 6. d4 exd4 7. Nxd4 Nxd4 8. Qxd4 0-0 9. 0-0 c6 10. Rd1 Be6 11. Bg5 d5 12. c5 Qd7 13. Rac1 Bh3 14. Bh1 Qf5 15. Bf4 Rad8 16. b4 Rfe8 17. Be5 Nh5 18. Bf3 f6 19. Bc7 Rd7 20. Qh4 Rxc7 21. Bxh5 g5 22. Qd4 Rf8 23. g4 Qe5 24. Qd3 Bxg4 25. Bxg4 f5 26. Bh5 g4 27. Qg3 Qxg3+ 28. hxg3 Bg5 29. Rc2 Bf6 30. f3 Rg7 31. Kg2 Rg5 32. Rh1 Bh8 33. e4 dxe4 34. fxg4 Be5 35. Rh3 Rd8 36. Rh4 fxg4 37. Nxe4 Rg7 38. Rxg4 Rxg4 39. Bxg4 Rd4 40. Bf3 1/2-1/2

[Event "Mestre Sociale-ch"]
[Site "Mestre "]
[Date "2001.02.06"]
[Round "5"]
[White "Vianello, Enrico"]
[Black "Lanzetta, Alberto"]
[Result "1-0"]
[WhiteElo "1880"]
[BlackElo "1000"]
[PlyCount "78"]
[EventDate "2001.01.15"]
[EventType "swiss"]
[EventRounds "10"]
[EventCountry "ITA"]
[SourceTitle "EXT 2005"]
[Source "ChessBase"]
[SourceDate "2004.11.15"]
[SourceVersion "1"]
[SourceVersionDate "2004.11.15"]
[SourceQuality "1"]

1. d4 d5 2. c4 c6 3. Nc3 Nf6 4. Nf3 Bg4 5. Ne5 Nbd7 6. Nxg4 Nxg4 7. cxd5 cxd5 8. Nxd5 e6 9. Nc3 Bb4 10. e3 Ngf6 11. a3 Ba5 12. b4 Bb6 13. Be2 a6 14. Bb2 0-0 15. Bf3 Rb8 16. 0-0 Ba7 17. b5 Nb6 18. Qe2 a5 19. Rfd1 Nbd5 20. Na4 Qe7 21. e4 Nb6 22. Nc5 Rfe8 23. Rac1 Rbc8 24. Qd2 Red8 25. Qxa5 Bb8 26. a4 Bc7 27. Qe1 Bf4 28. Rc2 Ra8 29. a5 Nc8 30. g3 Bb8 31. Rdc1 Na7 32. Qb4 Ne8 33. e5 Bc7 34. Bxb7 Rab8 35. Ba3 Bxa5 36. Qxa5 Rxb7 37. Nxb7 Qd7 38. Qxd8 Qxd8 39. Nxd8 g6 1-0